| 000 | 01079nam a2200361 a 4500 | ||
|---|---|---|---|
| 999 |
_c200452295 _d70507 |
||
| 001 | 200452295 | ||
| 003 | TR-AnTOB | ||
| 005 | 20230227162110.0 | ||
| 007 | ta | ||
| 008 | 040920s1997 tu a b 000 0 tur | ||
| 020 | _a9757152225 | ||
| 035 | _a(TR-AnTOB)200452295 | ||
| 040 |
_aITU _beng _erda _cITU _dTR-AnTOB |
||
| 041 | 0 | _atur | |
| 050 | 0 | 0 |
_aHD58.7 _b.A48 1997 |
| 090 |
_aHD58.7 _b.A48 1997 |
||
| 100 | 1 |
_aAktan, Coşkun Can, _d1963- _eauthor _926742 |
|
| 245 | 1 | 0 |
_aDeğişim ve yeni global yönetim / _cProf. Dr. Coşkun Can Aktan. |
| 264 | 1 |
_aİstanbul : _bMESS, _c1997. |
|
| 300 |
_a330 pages : _btables, charts ; _c30 cm |
||
| 336 |
_atext _btxt _2rdacontent |
||
| 337 |
_aunmediated _bn _2rdamedia |
||
| 338 |
_avolume _bnc _2rdacarrier |
||
| 490 |
_aMESS ; _vyayın no 257 |
||
| 504 | _aBIB | ||
| 650 | 7 |
_aÖrgütsel davranış _2etuturkob _96539 |
|
| 650 | 7 |
_aÖrgütsel değişim _2etuturkob _918788 |
|
| 650 | 7 |
_aYönetim _2etuturkob _955081 |
|
| 710 | 2 |
_aMESS (Union) _974747 |
|
| 942 |
_2lcc _cBK |
||